City Word Chain - Statistics

General Stats
  • This quiz has been taken 291 times
  • The average score is 11 of 16
Answer Stats
Hint Answer % Correct
Germany Berlin
99%
Greece Athens
95%
Peru Lima
92%
Kenya Nairobi
92%
South Korea Seoul
92%
Ukraine Kiev
87%
Pakistan Islamabad
85%
Croatia Zagreb
76%
Qatar Doha
75%
Iceland Reykjavik
73%
Lichtenstein Vaduz
65%
Andorra Andorra La Vella
64%
Turmenistan Ashgabat
47%
Mongolia Ulaanbaatar
43%
Bhutan Thimphu
42%
Some people believe this city doesn't exist in Germany(not a capital) Bielefeld
10%
No matching quizzes found
Score Distribution
Percent of People with Each Score
Percentile by Number Answered
Your Score History
You have not taken this quiz